<?xml version="1.0" encoding="UTF-8"?><?xml-stylesheet type="text/xsl" href="static/style.xsl"?><OAI-PMH xmlns="http://www.openarchives.org/OAI/2.0/" xmlns:xsi="http://www.w3.org/2001/XMLSchema-instance" xsi:schemaLocation="http://www.openarchives.org/OAI/2.0/ http://www.openarchives.org/OAI/2.0/OAI-PMH.xsd"><responseDate>2026-04-27T21:25:37Z</responseDate><request verb="GetRecord" identifier="oai:uvadoc.uva.es:10324/40002" metadataPrefix="marc">https://uvadoc.uva.es/oai/request</request><GetRecord><record><header><identifier>oai:uvadoc.uva.es:10324/40002</identifier><datestamp>2021-06-23T11:36:36Z</datestamp><setSpec>com_10324_1175</setSpec><setSpec>com_10324_931</setSpec><setSpec>com_10324_894</setSpec><setSpec>col_10324_1356</setSpec></header><metadata><record xmlns="http://www.loc.gov/MARC21/slim" xmlns:doc="http://www.lyncode.com/xoai" xmlns:xsi="http://www.w3.org/2001/XMLSchema-instance" xmlns:dcterms="http://purl.org/dc/terms/" xsi:schemaLocation="http://www.loc.gov/MARC21/slim http://www.loc.gov/standards/marcxml/schema/MARC21slim.xsd">
<leader>00925njm 22002777a 4500</leader>
<datafield tag="042" ind1=" " ind2=" ">
<subfield code="a">dc</subfield>
</datafield>
<datafield tag="720" ind1=" " ind2=" ">
<subfield code="a">Vega García-Luengos, Germán</subfield>
<subfield code="e">author</subfield>
</datafield>
<datafield tag="260" ind1=" " ind2=" ">
<subfield code="c">2007</subfield>
</datafield>
<datafield tag="520" ind1=" " ind2=" ">
<subfield code="a">La comedia que sirvió de fuente principal a Las armas de la hermosura de Calderón ha experimentado diferentes atribuciones a lo largo del tiempo. La localización de una suelta fechable en el siglo XVII, en cuyo encabezamiento se nombran como autores a Antonio&#xd;
Coello, Francisco de Rojas Zorrilla y Luis Vélez de Guevara, me ha llevado a un replanteamiento de la autoría que, tras el análisis de diferentes factores, principalmente de intertextualidad,  concluye con la tesis de que Rojas Zorrilla y Calderón intervinieron en ella, sin que sea posible identificar indefectiblemente al tercer colaborador.</subfield>
</datafield>
<datafield tag="024" ind2=" " ind1="8">
<subfield code="a">Álvaro Alonso y J. Ignacio Díez, eds., «Non omnis moriar». Estudios en memoria de Jesús Sepúlveda, Málaga, Universidad de Málaga, 2007 (Analecta Malacitana, Anejo 65), pp. 317-336.</subfield>
</datafield>
<datafield tag="024" ind2=" " ind1="8">
<subfield code="a">978-84-95073-50-1</subfield>
</datafield>
<datafield tag="024" ind2=" " ind1="8">
<subfield code="a">http://uvadoc.uva.es/handle/10324/40002</subfield>
</datafield>
<datafield tag="024" ind2=" " ind1="8">
<subfield code="a">317</subfield>
</datafield>
<datafield tag="024" ind2=" " ind1="8">
<subfield code="a">336</subfield>
</datafield>
<datafield tag="024" ind2=" " ind1="8">
<subfield code="a">«Non omnis moriar». Estudios en memoria de Jesús Sepúlveda</subfield>
</datafield>
<datafield tag="245" ind1="0" ind2="0">
<subfield code="a">Sobre la autoría de El privilegio de las mujeres</subfield>
</datafield>
</record></metadata></record></GetRecord></OAI-PMH>